000 00501cam a2200193 4500
001 D13256
008 090401t1889 xxu||||| |||| 00| 0 eng d
035 _a(Sirsi) u94393
041 _aeng
100 _aLely, John M
245 2 _aA treatise on the law of railways, railway companies and railway investments - vol II
250 _a7th
260 _aLondon
_bSweet & Maxwell
_c1889
350 _a0
520 _aShelf 105
700 _aHodges, William
_cSir
942 _n0
948 _c04/03/1997
999 _c98012
_d98012